Stable Isotopes as Indicators of Ecological Change : (Record no. 589044)

MARC details
000 -LEADER
fixed length control field 00519nam a2200193 a 4500
008 - FIXED-LENGTH DATA ELEMENTS--GENERAL INFORMATION
fixed length control field 250923s2007##################000#0#eng##
020 ## - INTERNATIONAL STANDARD BOOK NUMBER
ISBN 9780123736277
082 04 - DEWEY DECIMAL CLASSIFICATION NUMBER
Classification number 577.015
Item number DAW
100 1# - MAIN ENTRY--AUTHOR NAME
Personal name Dawson, Todd E.,
245 10 - TITLE STATEMENT
Title Stable Isotopes as Indicators of Ecological Change :
260 ## - PUBLICATION, DISTRIBUTION, ETC. (IMPRINT)
Name of publisher Academic Press,
Year of publication 2007.
300 ## - PHYSICAL DESCRIPTION
Number of Pages 417 pages
650 #0 - SUBJECT ADDED ENTRY--TOPICAL TERM
Topical Term Science.
942 ## - ADDED ENTRY ELEMENTS (KOHA)
Koha item type English Books
Holdings
Withdrawn status Lost status Damaged status Not for loan Home library Current library Shelving location Date acquired Full call number Accession Number Price effective from Koha item type
        Anna Centenary Library Anna Centenary Library 5TH FLOOR, A WING 23.09.2025 577.015 DAW 350672 23.09.2025 English Books

Find us on the map